000 00308nam a2200121Ia 4500
005 20251222141951.0
008 251222s9999||||xx |||||||||||||| ||spa||
082 _a510.07/P19
100 _aPalacio Peña, Joaquín
245 0 _aDidáctica de la Matemática:
264 _bPedagógico San Marcos
942 _cLIB
999 _c9693
_d9693